<?xml version="1.0" encoding="UTF-8"?>
<record
    xmlns:xsi="http://www.w3.org/2001/XMLSchema-instance"
    xsi:schemaLocation="http://www.loc.gov/MARC21/slim http://www.loc.gov/standards/marcxml/schema/MARC21slim.xsd"
    xmlns="http://www.loc.gov/MARC21/slim">

  <leader>01488na  a2200373   4500</leader>
  <controlfield tag="001">22174</controlfield>
  <controlfield tag="003">MIRAKIL</controlfield>
  <controlfield tag="005">20181226092845.0</controlfield>
  <controlfield tag="008">170211b        tu  n0        0    0     </controlfield>
  <datafield tag="022" ind1=" " ind2=" ">
    <subfield code="a">1303-4995</subfield>
  </datafield>
  <datafield tag="035" ind1=" " ind2=" ">
    <subfield code="a">20919</subfield>
  </datafield>
  <datafield tag="040" ind1=" " ind2=" ">
    <subfield code="a">Milas</subfield>
    <subfield code="b">tur</subfield>
    <subfield code="c">TR-AnCHP</subfield>
  </datafield>
  <datafield tag="041" ind1=" " ind2=" ">
    <subfield code="a">tur</subfield>
  </datafield>
  <datafield tag="090" ind1=" " ind2=" ">
    <subfield code="a">050 DER 115</subfield>
  </datafield>
  <datafield tag="222" ind1=" " ind2=" ">
    <subfield code="a">&#x130;&#x15F; hukuku ve iktisat dergisi</subfield>
  </datafield>
  <datafield tag="245" ind1=" " ind2=" ">
    <subfield code="a">Kamu-&#x130;&#x15F;</subfield>
    <subfield code="b">&#x130;&#x15F; hukuku ve iktisat dergisi</subfield>
    <subfield code="c">[yay&#x131;nlayan] Kamu i&#x15F;letmeleri &#x130;&#x15F;verenleri Sendikas&#x131; (Kamu-&#x130;&#x15F;)</subfield>
  </datafield>
  <datafield tag="246" ind1=" " ind2=" ">
    <subfield code="a">Kamu-&#x130;&#x15F; &#x130;&#x15F; hukuku ve iktisat dergisi</subfield>
  </datafield>
  <datafield tag="246" ind1=" " ind2=" ">
    <subfield code="a">&#x130;&#x15F; hukuku ve iktisat dergisi</subfield>
  </datafield>
  <datafield tag="260" ind1=" " ind2=" ">
    <subfield code="a">Ankara</subfield>
    <subfield code="b">Kamu i&#x15F;letmeleri &#x130;&#x15F;verenleri Sendikas&#x131;</subfield>
    <subfield code="c">1987-</subfield>
  </datafield>
  <datafield tag="300" ind1=" " ind2=" ">
    <subfield code="a">c.</subfield>
    <subfield code="b">tbl. ; grf. </subfield>
    <subfield code="c">23 sm.</subfield>
  </datafield>
  <datafield tag="310" ind1=" " ind2=" ">
    <subfield code="a">y&#x131;lda &#xFC;&#xE7; kez</subfield>
  </datafield>
  <datafield tag="362" ind1=" " ind2=" ">
    <subfield code="a">cilt 13, say&#x131; 1 (Nisan 2013)-</subfield>
  </datafield>
  <datafield tag="500" ind1=" " ind2=" ">
    <subfield code="a">Mevcut say&#x131;lar: (4) 2009; (4) Aral&#x131;k 2012; (1) Nisan 2013; (2) Kas&#x131;m 2013; (1) Haziran 2015 </subfield>
  </datafield>
  <datafield tag="510" ind1=" " ind2=" ">
    <subfield code="a">Kaynak&#xE7;a makale sonlar&#x131;ndad&#x131;r</subfield>
  </datafield>
  <datafield tag="530" ind1=" " ind2=" ">
    <subfield code="a">Online olarak eri&#x15F;ilebilir. (http://www.kamu-is.org.tr/dergiler.htm)</subfield>
  </datafield>
  <datafield tag="650" ind1=" " ind2=" ">
    <subfield code="a">&#x130;&#x15F; hukuku</subfield>
    <subfield code="v">S&#xFC;reli yay&#x131;nlar</subfield>
    <subfield code="z">T&#xFC;rkiye</subfield>
  </datafield>
  <datafield tag="650" ind1=" " ind2=" ">
    <subfield code="a">End&#xFC;striyel ili&#x15F;kiler</subfield>
    <subfield code="v">S&#xFC;reli yay&#x131;nlar</subfield>
    <subfield code="z">T&#xFC;rkiye</subfield>
  </datafield>
  <datafield tag="651" ind1=" " ind2=" ">
    <subfield code="a">T&#xFC;rkiye</subfield>
    <subfield code="v">S&#xFC;reli yay&#x131;nlar</subfield>
    <subfield code="x">&#x130;&#x15F; hukuku ve mevzuat&#x131;</subfield>
  </datafield>
  <datafield tag="655" ind1=" " ind2=" ">
    <subfield code="a">Akademik dergi</subfield>
  </datafield>
  <datafield tag="710" ind1=" " ind2=" ">
    <subfield code="a">Kamu &#x130;&#x15F;letmeleri &#x130;&#x15F;verenleri Sendikas&#x131;(Kamu-&#x130;&#x15F;)</subfield>
    <subfield code="t">&#x130;&#x15F; hukuku ve iktisat dergisi</subfield>
  </datafield>
  <datafield tag="910" ind1=" " ind2=" ">
    <subfield code="a">DERG&#x130; 115</subfield>
  </datafield>
  <datafield tag="942" ind1=" " ind2=" ">
    <subfield code="2">ddc</subfield>
    <subfield code="c">SER</subfield>
  </datafield>
  <datafield tag="952" ind1=" " ind2=" ">
    <subfield code="5">1</subfield>
    <subfield code="a">0001</subfield>
    <subfield code="b">0001</subfield>
    <subfield code="d">2017-02-11</subfield>
    <subfield code="f"> S&#xDC;REL&#x130; YAYINLAR</subfield>
    <subfield code="l">0</subfield>
    <subfield code="o">050 DER 101</subfield>
    <subfield code="p">D115</subfield>
    <subfield code="r">2017-02-11 00:00:00</subfield>
    <subfield code="v">0.00</subfield>
    <subfield code="w">2017-02-11</subfield>
    <subfield code="x"> </subfield>
    <subfield code="y">SER</subfield>
  </datafield>
  <datafield tag="999" ind1=" " ind2=" ">
    <subfield code="c">11451</subfield>
    <subfield code="d">11451</subfield>
  </datafield>
</record>
